00433pab a2200145 454500008004000000100001600040245011900056260000900175300001300184362000800197650002000205700001700225700001500242773003000257180718b2001 xxu||||| |||| 00| 0 eng d aGupta, R.B. aPerceptions of basic health workers (males) on increasing their involvement in family planning promotional efforts c2001 ap.36-49. aApr aFamily planning aPatel, Bella aKhan, M.E. aJournal of Family Welfare